<?xml version="1.0" encoding="UTF-8"?>
<marc:record xmlns:marc="http://www.loc.gov/MARC21/slim">
   <marc:leader>00000nam a2200000 a 4500</marc:leader>
   <marc:datafield ind1="1" ind2=" " tag="100">
      <marc:subfield code="a">Pichon, Liz</marc:subfield>
      <marc:subfield code="4">aut</marc:subfield>
      <marc:subfield code="e">Verfasser/-in</marc:subfield>
   </marc:datafield>
   <marc:datafield ind1="0" ind2="0" tag="245">
      <marc:subfield code="a">Tom Gates[3]. Alles Bombe (irgendwie)</marc:subfield>
   </marc:datafield>
   <marc:datafield ind1=" " ind2="1" tag="264">
      <marc:subfield code="a">Wien-München</marc:subfield>
      <marc:subfield code="b">Schneider</marc:subfield>
   </marc:datafield>
   <marc:datafield ind1="1" ind2=" " tag="490">
      <marc:subfield code="a">Tom Gates</marc:subfield>
   </marc:datafield>
   <marc:datafield ind1=" " ind2=" " tag="250">
      <marc:subfield code="a">1. Aufl.</marc:subfield>
   </marc:datafield>
   <marc:datafield ind1="1" ind2=" " tag="520">
      <marc:subfield code="a">Tom ist total aus dem Häuschen. Die Vorbereitungen für seine Geburtstagsparty laufen auf Hochtouren. Nun muss er nur noch sicher gehen, dass alles nach Plan läuft. Was gar nicht soeinfach ist, wenn man eine Oma hat, die Geburtstagstorten mit Würstchen-Garnitur für eine Delikatesse hält. Oder wenn Papa meint, dass ein DJ im Dino-Kostüm und mit Glitzerstiefelntotal angesagt ist. Oh Mann! Aber Tom lässt sich von so was natürlich nicht kleinkriegen und sorgt auf über 400 durchgehend illustrierten Seiten mit seiner glorreichen Erfindungsgabedafür, dass die Party ein Bombenerfolg wird! Auch Toms dritter Comic-Roman macht einfach Riesenspaß! (Verlagstext)</marc:subfield>
   </marc:datafield>
   <marc:datafield ind1=" " ind2=" " tag="020">
      <marc:subfield code="a">9783505129384</marc:subfield>
      <marc:subfield code="9">9783505129384</marc:subfield>
   </marc:datafield>
   <marc:datafield ind1=" " ind2=" " tag="041">
      <marc:subfield code="a">ger</marc:subfield>
   </marc:datafield>
   <marc:datafield ind1=" " ind2=" " tag="300">
      <marc:subfield code="a">411 S. : zahlr. Ill.</marc:subfield>
   </marc:datafield>
</marc:record>
